[Event "Uljanovsk op"]
[Site "Uljanovsk"]
[Date "2010.01.10"]
[Round "9"]
[White "Lavrov, Vasily"]
[Black "Markin, Igor"]
[Result "0-1"]
[WhiteElo "1975"]
[BlackElo "2155"]
[PlyCount "57"]
[EventDate "2010.01.04"]
[EventType "swiss"]
[EventRounds "9"]
[EventCountry "RUS"]
[SourceTitle "CBM 134 Extra"]
[Source "ChessBase"]
[SourceDate "2010.03.03"]
[SourceVersion "1"]
[SourceVersionDate "2010.03.03"]
[SourceQuality "1"]

1. c4 g6 2. e4 c5 3. Nc3 Nc6 4. g3 Bg7 5. Bg2 Nf6 6. Nge2 0-0 7. 0-0 a6 8. d4 cxd4 9. Nxd4 Nxd4 10. Qxd4 d6 11. Qd3 Rb8 12. h3 Be6 13. Rb1 Qc8 14. Nd5 Nxd5 15. exd5 Bxh3 16. Bxh3 Qxh3 17. b4 e6 18. Bb2 Bxb2 19. Rxb2 b5 20. c5 dxc5 21. bxc5 exd5 22. Qxd5 Rbd8 23. Qf3 Rd4 24. Rd1 Rc4 25. Qe3 Qf5 26. Rbd2 Qxc5 27. Qh6 Rc1 28. Kg2 Rxd1 29. Rxd1 0-1

[Event "Uljanovsk op"]
[Site "Uljanovsk"]
[Date "2010.01.05"]
[Round "4"]
[White "Markin, Igor"]
[Black "Shamshetdinov, Rjastam"]
[Result "1-0"]
[WhiteElo "2155"]
[BlackElo "2081"]
[PlyCount "40"]
[EventDate "2010.01.04"]
[EventType "swiss"]
[EventRounds "9"]
[EventCountry "RUS"]
[SourceTitle "CBM 134 Extra"]
[Source "ChessBase"]
[SourceDate "2010.03.03"]
[SourceVersion "1"]
[SourceVersionDate "2010.03.03"]
[SourceQuality "1"]

1. e4 d6 2. Nc3 Nf6 3. f4 g6 4. Nf3 Bg7 5. g3 Nc6 6. Bg2 e5 7. d3 0-0 8. 0-0 Bg4 9. h3 Bd7 10. f5 Nh5 11. Ne2 h6 12. g4 Nf6 13. Ng3 g5 14. h4 gxh4 15. Nxh4 Nxe4 16. Bxe4 Qxh4 17. Nh5 Nd4 18. Kg2 c6 19. Rh1 Qe7 20. Nxg7 Kxg7 1-0

[Event "Uljanovsk-ch"]
[Site "Uljanovsk"]
[Date "2009.03.21"]
[Round "8"]
[White "Saveliev, Dmitri"]
[Black "Markin, Igor"]
[Result "1/2-1/2"]
[WhiteElo "2167"]
[BlackElo "2155"]
[PlyCount "66"]
[EventDate "2009.03.14"]
[EventType "swiss"]
[EventRounds "9"]
[EventCountry "RUS"]
[SourceTitle "EXT 2010"]
[Source "ChessBase"]
[SourceDate "2010.11.25"]
[SourceVersion "1"]
[SourceVersionDate "2010.11.25"]
[SourceQuality "1"]

1. c4 e5 2. Nc3 Nc6 3. e3 Nf6 4. Nf3 Be7 5. d4 exd4 6. Nxd4 0-0 7. Be2 d5 8. cxd5 Nb4 9. 0-0 Nbxd5 10. Nxd5 Qxd5 11. Bf3 Qe5 12. Qe2 c5 13. Nc2 Ne4 14. b3 Bd7 15. Bxe4 Qxe4 16. Bb2 Bc6 17. f3 Qe6 18. Rfd1 Rfd8 19. Rxd8+ Rxd8 20. Rd1 Rxd1+ 21. Qxd1 a5 22. Qd3 Qd5 23. Qxd5 Bxd5 24. e4 Be6 25. Ne3 Bd8 26. Kf1 a4 27. Nd5 axb3 28. axb3 f5 29. Ke2 fxe4 30. fxe4 b6 31. Kd3 Bc8 32. Be5 Kf7 33. Kc3 Bb7 1/2-1/2

[Event "Uljanovsk-ch"]
[Site "Uljanovsk"]
[Date "2009.03.17"]
[Round "4"]
[White "Mikeev, Valery"]
[Black "Markin, Igor"]
[Result "0-1"]
[WhiteElo "1882"]
[BlackElo "2155"]
[PlyCount "96"]
[EventDate "2009.03.14"]
[EventType "swiss"]
[EventRounds "9"]
[EventCountry "RUS"]
[SourceTitle "EXT 2010"]
[Source "ChessBase"]
[SourceDate "2010.11.25"]
[SourceVersion "1"]
[SourceVersionDate "2010.11.25"]
[SourceQuality "1"]

1. e4 e6 2. d4 d5 3. e5 b6 4. Nf3 Ne7 5. Bd3 Ba6 6. c3 Qd7 7. 0-0 Bxd3 8. Qxd3 c5 9. a3 Nbc6 10. b4 h5 11. h4 Nf5 12. Bg5 Be7 13. g3 f6 14. Bf4 Kf7 15. Nbd2 c4 16. Qc2 Rag8 17. Rfe1 Bd8 18. Nf1 a6 19. Ra2 g5 20. hxg5 fxg5 21. Bc1 g4 22. N3h2 h4 23. Qd1 hxg3 24. fxg3 Ke8 25. Rg2 Qg7 26. Bf4 Kd7 27. Qa4 Be7 28. Qd1 Bd8 29. Qa4 Kc7 30. Qxa6 Be7 31. Qa4 Ra8 32. Qd1 Rxa3 33. Rc2 Rg8 34. Ne3 Nxe3 35. Bxe3 Qg6 36. Bf4 b5 37. Rf1 Qd3 38. Qxd3 cxd3 39. Rcc1 Kd7 40. Rfd1 Bg5 41. Nxg4 Bxf4 42. Nf6+ Kc7 43. Nxg8 Bxc1 44. Rxc1 d2 45. Rd1 Rxc3 46. Kf2 Nxd4 47. Rxd2 Nc6 48. Nf6 Nxe5 0-1

[Event "Uljanovsk Cup op"]
[Site "Uljanovsk"]
[Date "2008.11.20"]
[Round "6"]
[White "Markin, Igor"]
[Black "Parfenov, Vladimir"]
[Result "0-1"]
[WhiteElo "2199"]
[BlackElo "2097"]
[PlyCount "92"]
[EventDate "2008.11.15"]
[EventType "swiss"]
[EventRounds "9"]
[EventCountry "RUS"]
[SourceTitle "EXT 2022"]
[Source "ChessBase"]
[SourceDate "2021.10.06"]
[SourceVersion "1"]
[SourceVersionDate "2021.10.06"]
[SourceQuality "1"]

1. Nf3 Nc6 2. d4 d5 3. c4 Bg4 4. Qa4 Bxf3 5. exf3 e6 6. Nc3 Bb4 7. a3 Bxc3+ 8. bxc3 Nge7 9. Bd3 0-0 10. f4 Re8 11. 0-0 Qd6 12. Be3 dxc4 13. Qxc4 Nd5 14. g3 Na5 15. Qa4 b6 16. Rac1 Nxe3 17. fxe3 c5 18. Be4 Rad8 19. Rfd1 c4 20. Qb4 Qc7 21. Qb2 Qe7 22. Bf3 Nb3 23. Rc2 Rb8 24. e4 b5 25. e5 a5 26. Be4 g6 27. g4 Rec8 28. Rg2 b4 29. axb4 axb4 30. f5 Qg5 31. Qf2 bxc3 32. f6 Nd2 33. Bc2 Rb2 34. h4 Qxh4 35. g5 Qh5 36. Rc1 Nb3 37. Re1 Rxc2 38. Qxc2 Nxd4 39. Qe4 Nf3+ 40. Kf2 Nxe1 41. Kxe1 Rd8 42. Re2 c2 43. Rxc2 Qd1+ 44. Kf2 c3 45. Kg2 h5 46. Ra2 Qd2+ 0-1

[Event "Izmailov Memorial op 12th"]
[Site "Tomsk"]
[Date "2008.06.30"]
[Round "6"]
[White "Ismailov, Mukhit"]
[Black "Markin, Igor"]
[Result "1/2-1/2"]
[WhiteElo "1915"]
[BlackElo "2158"]
[PlyCount "120"]
[EventDate "2008.06.25"]
[EventType "swiss"]
[EventRounds "9"]
[EventCountry "RUS"]
[SourceTitle "CBM 125 Extra"]
[Source "ChessBase"]
[SourceDate "2008.09.01"]
[SourceVersion "1"]
[SourceVersionDate "2008.09.01"]
[SourceQuality "1"]

1. d4 Nf6 2. c4 e6 3. Nc3 Bb4 4. Qc2 d5 5. e3 0-0 6. Bd3 c5 7. a3 Bxc3+ 8. bxc3 Nc6 9. Nf3 Qc7 10. 0-0 b6 11. Bb2 dxc4 12. Bxc4 Na5 13. Be2 cxd4 14. exd4 Bb7 15. Ne5 Rac8 16. c4 Nd5 17. Rfc1 f6 18. Bd3 fxe5 19. cxd5 Qxc2 20. Rxc2 Rxc2 21. Bxc2 Nc4 22. Bc3 exd4 23. Bxd4 Bxd5 24. Bd3 Na5 25. Be5 Nb3 26. Re1 Rc8 27. Bb2 Kf7 28. h4 g6 29. h5 gxh5 30. Bxh7 Rc4 31. Re3 Rg4 32. f3 Rg5 33. Rc3 Nc5 34. Re3 Nd7 35. Rc3 e5 36. Rc7 Ke6 37. Kh2 a5 38. Bc1 Rg7 39. Bd3 Kd6 40. Rc2 Nc5 41. Be2 Ne6 42. Rc3 Nd4 43. Bd1 b5 44. Rc8 b4 45. axb4 axb4 46. Rd8+ Kc5 47. Rh8 Bf7 48. Rc8+ Kd6 49. Bh6 Rg6 50. Bf8+ Kd7 51. Rb8 b3 52. Ba3 Kc6 53. Bb2 Kc5 54. Rb7 Bd5 55. Rh7 Rg5 56. Rc7+ Kb5 57. Bc1 Rf5 58. Ba3 Bc6 59. Bb2 Kb6 60. Re7 Kc5 1/2-1/2

[Event "Izmailov Memorial op 12th"]
[Site "Tomsk"]
[Date "2008.06.28"]
[Round "5"]
[White "Markin, Igor"]
[Black "Glukhov, Mikhail"]
[Result "1/2-1/2"]
[WhiteElo "2158"]
[BlackElo "2237"]
[PlyCount "80"]
[EventDate "2008.06.25"]
[EventType "swiss"]
[EventRounds "9"]
[EventCountry "RUS"]
[SourceTitle "CBM 125 Extra"]
[Source "ChessBase"]
[SourceDate "2008.09.01"]
[SourceVersion "1"]
[SourceVersionDate "2008.09.01"]
[SourceQuality "1"]

1. Nf3 d5 2. d4 c5 3. e3 Nf6 4. Bb5+ Bd7 5. a4 c4 6. 0-0 a6 7. Bxd7+ Nbxd7 8. a5 e6 9. b3 cxb3 10. cxb3 Bd6 11. Bb2 0-0 12. Qd3 Rc8 13. Nbd2 Qc7 14. Rfc1 Qb8 15. g3 Rxc1+ 16. Rxc1 Rc8 17. Rxc8+ Qxc8 18. Qc3 Qxc3 19. Bxc3 Nb8 20. Ne1 Ne4 21. Nxe4 dxe4 22. Nc2 Nc6 23. Kf1 Bc7 24. b4 Bd6 25. Ke2 Ne7 26. Kd1 Nd5 27. Be1 f5 28. Kc1 Kf7 29. Kb2 g5 30. Kb3 f4 31. Kc4 Kg6 32. b5 Kf5 33. h3 fxg3 34. fxg3 h5 35. bxa6 bxa6 36. Bf2 Kf6 37. Na1 g4 38. hxg4 hxg4 39. Nb3 Bb4 40. Nc5 Kf5 1/2-1/2

[Event "Izmailov Memorial op 12th"]
[Site "Tomsk"]
[Date "2008.06.25"]
[Round "1"]
[White "Gutov, Andrey"]
[Black "Markin, Igor"]
[Result "1-0"]
[WhiteElo "2483"]
[BlackElo "2158"]
[PlyCount "51"]
[EventDate "2008.06.25"]
[EventType "swiss"]
[EventRounds "9"]
[EventCountry "RUS"]
[SourceTitle "CBM 125 Extra"]
[Source "ChessBase"]
[SourceDate "2008.09.01"]
[SourceVersion "1"]
[SourceVersionDate "2008.09.01"]
[SourceQuality "1"]

1. d4 Nf6 2. c4 e6 3. Nc3 Bb4 4. e3 0-0 5. Bd3 d5 6. Nf3 Nc6 7. 0-0 Bxc3 8. bxc3 Re8 9. Qc2 h6 10. Re1 e5 11. cxd5 Nxd5 12. e4 Nf4 13. Nxe5 Nxd3 14. Nxd3 Qh4 15. f4 b5 16. a4 b4 17. d5 b3 18. Qxb3 Ba6 19. g3 Qf6 20. Nc5 Rab8 21. Qc2 Nb4 22. cxb4 Qxa1 23. Nxa6 Rb6 24. b5 Rd6 25. Rd1 Rd7 26. Bb2 1-0